NCAA College Football National Championship Starters 2022 - Statistics

General Stats
  • This quiz has been taken 44 times
  • The average score is 15 of 44
Answer Stats
Georgia % Correct
SR QB 13 Stetson Bennett
91%
SR QB 15 Max Duggan
85%
JR WR 1 Quentin Johnston
82%
SO TE 19 Brock Bowers
74%
SR WR 11 Derius Davis
62%
JR TE 0 Darnell Washington
59%
JR DE 88 Jalen Carter
59%
SO WR 84 Ladd McConkey
56%
SR S 29 Chris Smith
50%
SO LB 10 Jamon Dumas-Johnson
50%
SO CB 5 Kelee Ringo
47%
SR RB 6 Kenny McIntosh
44%
SO WR 5 Adonai Mitchell
38%
SR RB 3 Emari Demercado
35%
FR DT 52 Damonic Williams
32%
JR WR 18 Savion Williams
32%
SR CB 1 Trevius Hodges-Tomlinson
32%
JR RT 70 Warren McClendon
32%
SO LT 59 Broderick Jones
29%
FR S 24 Malaki Starks
29%
SR LB 13 Dee Winters
26%
JR LB 6 Jamoi Hodge
26%
SO NB 22 Javon Bullard
26%
SO CB 3 Kamari Lassiter
26%
JR CB 24 Josh Newton
24%
SO RG 69 Tate Ratledge
24%
JR LB 57 Johnny Hodges
21%
JR DT 78 Nazir Stackhouse
21%
SO LB 2 Smael Mondon
21%
SR LG 79 Steve Avila
21%
SR RG 78 Wes Harris
21%
SR C 56 Alan Ali
18%
SR DE 98 Dylan Horton
18%
SO C 63 Sedrick Van Pran
18%
JR LT 77 Brandon Coleman
15%
SO S 26 Bud Clark
15%
JR S 3 Mark Perry
15%
SR NB 28 Nook Bradford
15%
SR LB 33 Robert Beal
15%
SR WR 4 Taye Barber
15%
JR RT 74 Andrew Coker
12%
SR DE 95 Terrell Cooper
12%
SR DE 90 Tramel Walthour
12%
JR LG 73 Xavier Truss
12%
No matching quizzes found
Score Distribution
Percent of People with Each Score
Percentile by Number Answered
Your Score History
You have not taken this quiz